Constellation or Harry Potter Spell? Quiz Stats

 Plays Quiz Updated Jul 8, 2016

Challenge
Share
Tweet
Embed
Score 0/30 Timer 04:00
5 Plays Today
Name (H)P Spell or (C)onstellation % Correct
Incendio???
89.2%
Alohomora???
87.9%
Accio???
87.4%
Capricornus???
86.1%
Aguamenti???
85.1%
Piscis Austrinus???
84.1%
Coma Berenices???
82.3%
Canes Venatici???
82.1%
Musca???
81.2%
Locomotor???
81.2%
Mensa???
81%
Delphinus???
80.4%
Legilimens???
80.3%
Circinus???
79%
Draco???
78.1%
Name (H)P Spell or (C)onstellation % Correct
Fornax???
77.8%
Auriga???
76.7%
Nox???
75.2%
Lacerta???
74.1%
Tarantallegra???
72.8%
Mobiliarbus???
71.4%
Triangulum???
70.2%
Furnunculus???
69.4%
Colloportus???
66.1%
Telescopium???
61.4%
Crux???
59%
Densaugeo???
56.5%
Aparecium???
55.2%
Orchideous???
48.6%
Ferula???
32.3%

You're not logged in!

Compare scores with friends on all Sporcle quizzes.
OR
Log In

You Might Also Like...

Show Comments

Extras

Top Quizzes Today


Score Distribution

Your Account Isn't Verified!

In order to create a playlist on Sporcle, you need to verify the email address you used during registration. Go to your Sporcle Settings to finish the process.

Report this User

Report this user for behavior that violates our Community Guidelines.

Details: